000 00488nam a2200217 454500
001 082761
003 BD-ChCU
008 Eng
020 _ax
040 _aDLC
_cDLC
_dBD-ChCU
082 0 0 _a181.4/MUR
100 1 _ax
_bx
245 1 0 _aRadhakrishanan reader
_bAn anthology
250 _ax
260 _aBombay,
_bBharatiya Vidya Bhavan.
_c1969
300 _axi,680p.
504 _a
650 0 _aPhilosophy,India.
_bPhilosophy,
700 1 _aMunshi,K.M.
942 _2ddc
_cBK
999 _c82761
_d82761